000 00412pam a2200109a 44500
008 230405s2007 xxu||||| |||| 00| 0 eng d
041 _aMAR
100 _a-म रा मा व उ मा शि मंडळ पुणे
245 _aयुवकभारती हिंदी [12 वी]
260 _a
_bमा राज्य मा उच्च मा शिक्षण मंडळ
_c2007
906 _a7661
999 _c299004
_d299004